00242nam a22000977a 4500008004100000082001600041100000800057245004800065260002300113300000800136230629b xxu||||| |||| 00| 0 eng d a333.72bCON cCON aConservation and the Environment in Namibia aNamibiabCONc2002 a56p